Opätovné použitie stavebných materiálov

Nové prístupy a technológie v oblasti stavebníctva, ktoré sa zameriavajú na predchádzanie vzniku stavebných odpadov a opätovné použitie stavebných materiálov. Prístupy v niektorých členských krajinách EÚ. Rozbor podmienok Plánu obnovy a odolnosti, ktoré sú viazané na obnovu a rekonštrukciu verejných...

ver descrição completa

Na minha lista:
Detalhes bibliográficos
Autor principal: Maslen, Michal
Formato: Capítulo de Livro
Idioma:eslovaco
Assuntos:
Tags: Adicionar Tag
Sem tags, seja o primeiro a adicionar uma tag!

MARC

LEADER 00000naa a2200000 4500
001 0296380
005 20240417075248.9
041 0 |a slo 
044 |a SK 
245 1 0 |a Opätovné použitie stavebných materiálov  |c Michal Maslen 
520 |a Nové prístupy a technológie v oblasti stavebníctva, ktoré sa zameriavajú na predchádzanie vzniku stavebných odpadov a opätovné použitie stavebných materiálov. Prístupy v niektorých členských krajinách EÚ. Rozbor podmienok Plánu obnovy a odolnosti, ktoré sú viazané na obnovu a rekonštrukciu verejných budov a pamiatkovo chránených budov na Slovensku. 
610 2 0 |a materiály nové 
610 2 0 |a stavebníctvo 
610 2 0 |a technológie nové 
610 2 0 |a odpad 
610 2 0 |a Európska únia 
610 2 0 |a rekonštrukcia 
610 2 0 |a budovy 
610 2 0 |a pamiatky 
610 2 0 |a Slovensko 
100 1 |a Maslen, Michal